Responses for Show #4347 - Tuesday, June 24, 2003

Contestants

[<< previous game]

Jay Marks, an emergency physician from Little Rock, Arkansas

Lisa Bradford, a speech pathologist from Louisville, Colorado

Bonnie Schwab, a lawyer and teacher from Maplewood, New Jersey (whose 1-day cash winnings total $16,201)

[next game >>]

Jeopardy! Round responses

BIBLE PEOPLE MAGAZINE
(Alex: That sounds like fun!)
EVEN STEVE
SLOW DOWN!!!!
COLD-BLOODED ANIMALS
SOAP WORLD
WORD PUZZLES
    $200 25
Noah

Jay
    $200 1
Steve Garvey

Jay
    $200 6
Speedy Gonzales

Lisa
    $200 11
heart

Jay
    $200 14
Dial

Jay
    $200 21
too little, too late

Lisa
    $400 26
Magi/three wise men

Bonnie
    $400 2
Steve Guttenberg

Jay
    $400 7
football

Jay
    $400 12
skin

Jay
    $400 17
Irish Spring

Lisa
    $400 22
the light at the end of the tunnel

Lisa
    $600 27
Samson

Jay
    $600 3
Steve Winwood

Lisa
    $600 8
speed of sound

Jay
    $600 13
turtle

Bonnie
    $600 18
2000

Bonnie
    $600 23
(Lisa: What is...)

foreign affairs

Lisa
Triple Stumper
    $800 28
Esther

Jay
    $800 4
Steve Allen

Jay
    $800 9
(Lisa: What is distance running?)

walking

LisaJay
    $800 15
the Gila monster

Jay
    $2,200 19
Lava

Bonnie
    $800 24
(Bonnie: What is noontime?)
...
(Alex: Less than a minute to go now.)

in the afternoon

BonnieJay
    $1000 29
Ruth

Jay
    $1000 5
Steve Irwin

Bonnie
    $1000 10
speed of light

Jay
    $1000 16
sidewinder

Lisa
    $1000 20
Neutrogena

Lisa
    $1000 30
for once in your life

Triple Stumper

Scores at the first commercial break (after clue 15):

Bonnie Lisa Jay
$1,600 $0 $5,800

Scores at the end of the Jeopardy! Round:

Bonnie Lisa Jay
$4,000 $2,400 $9,200

Double Jeopardy! Round responses

AMERICAN HISTORY
ITALIAN FOOD
RUSSIAN GEOGRAPHY
THE BRITISH INVASION
FRENCH LITERATURE
GERMAN WORDS & PHRASES
    $400 2
World War II

Jay
    $400 1
corkscrew

Jay
    $400 16
Volga

Jay
    $400 7
The Rolling Stones

Bonnie
    $400 20
Alexandre Dumas

Jay
    $400 27
gesundheit

Bonnie
    $5,000 3
Antonin Scalia

Jay
    $800 12
truffles

Jay
    $800 17
Chechnya

Jay
    $800 8
(Lisa: Who are The Byrds?)

The Yardbirds

BonnieLisa
    $800 22
Jean-Paul Sartre

Bonnie
    $800 26
seltzer

Jay
    $1200 4
(Bonnie: What is Pennsylvania?)
(Jay: What is Vermont?)

Tennessee

BonnieJay
Triple Stumper
    $1200 13
polenta

Bonnie
    $1200 18
Urals

Bonnie
    $1200 9
(Bonnie: Who are The Monkees?)

Herman's Hermits

Bonnie
Triple Stumper
    $1200 23
(Bonnie: What are poems?)
...
(Alex: Minute to go now.)

Mother Goose stories

BonnieLisa
    $1600 5
Will Hays

Triple Stumper
    $1600 14
cannoli

Jay
    $1600 19
Lake Baikal

Lisa
    $1600 10
"All My Loving"

Bonnie
    $1600 24
Madame Bovary

Bonnie
    $2000 6
Embargo Act

Triple Stumper
    $2000 15
prosciutto

Bonnie
    $2000 21
Vladivostok

Jay
    $2000 11
Gerry and the Pacemakers

Jay
    $2000 25
Antoine de Saint Exupery

Lisa
    $10,000 28
(Bonnie: [No response])
[The end-of-round signal sounds.]

hinterland

Bonnie

Scores at the end of the Double Jeopardy! Round:

Bonnie Lisa Jay
$400 $6,400 $22,600
(lock game)

[wagering suggestions for these scores]

Final Jeopardy! Round responses

HOLIDAYS & OBSERVANCES
BonnieWhat is Ash Wednesday
$400
LisaWhat is Mardi Gras?
$5,999
JayWhat is Mardi Gras!
$2,400
Mardi Gras (Fat Tuesday)

Final scores:

Bonnie Lisa Jay
$0 $12,399 $25,000
3rd place: $1,000 2nd place: $2,000 New champion: $25,000

Game dynamics:

Coryat scores:

Bonnie Lisa Jay
$9,000 $6,400 $18,400
14 R
(including 1 DD),
5 W
(including 1 DD)
10 R,
3 W
27 R
(including 1 DD),
1 W

Combined Coryat: $33,800

[game clues] [game scores] [suggest correction]

Game tape date: 2003-02-25
The J! Archive is created by fans, for fans. Scraping, republication, monetization, and malicious use prohibited; this site may use cookies and collect identifying information. See terms. The Jeopardy! game show and all elements thereof, including but not limited to copyright and trademark thereto, are the property of Jeopardy Productions, Inc. and are protected under law. This website is not affiliated with, sponsored by, or operated by Jeopardy Productions, Inc. Join the discussion at JBoard.tv.